[Event "Landesliga West MV 2013/14"]
[Site "?"]
[Date "2013.12.15"]
[Round "4.2"]
[White "Kliewe, Hans-Juergen"]
[Black "Kornblum, Harry"]
[Result "1/2-1/2"]
[WhiteElo "1947"]
[BlackElo "1868"]
[PlyCount "59"]
[EventType "team-tourn"]
[EventRounds "9"]
[WhiteTeam "ASV GW Wismar"]
[BlackTeam "SV Empor Kuehlungsborn"]

1. d4 Nf6 2. Bf4 d6 3. e3 g6 4. Nf3 Bg7 5. Be2 Nbd7 6. h3 O-O 7. O-O c6 8. c4
Re8 9. Nc3 Nh5 10. Bh2 e5 11. Qc2 Qe7 12. b4 Nf8 13. Rad1 Bd7 14. b5 Rac8 15.
Qb3 b6 16. dxe5 dxe5 17. Ne4 Rc7 18. Rd2 cxb5 19. Nd6 Rd8 20. Nxb5 Bxb5 21.
Rxd8 Qxd8 22. cxb5 Rc5 23. Rd1 Qe7 24. Ne1 Nf6 25. Nd3 Rd5 26. Nb4 Rxd1+ 27.
Bxd1 Qc5 28. Nc6 Ne4 29. Nxa7 Ne6 30. Qd3 1/2-1/2

[Event "Landesliga West MV 2013/14"]
[Site "?"]
[Date "2013.12.15"]
[Round "4.3"]
[White "Gipp, Thomas"]
[Black "Stutz, Dr. Reno"]
[Result "0-1"]
[WhiteElo "1902"]
[BlackElo "1919"]
[PlyCount "94"]
[EventType "team-tourn"]
[EventRounds "9"]
[WhiteTeam "SV Empor Kuehlungsborn"]
[BlackTeam "ASV GW Wismar"]

1. d4 d5 2. c4 e5 3. dxe5 d4 4. Nf3 Nc6 5. a3 Nge7 6. b4 Ng6 7. Bb2 Be6 8. Nxd4
Nxd4 9. Qxd4 Qxd4 10. Bxd4 Bxc4 11. Nd2 Ba6 12. e3 Bxf1 13. Rxf1 a5 14. b5 a4
15. Ke2 Ra5 16. Rfc1 Kd7 17. Rc4 Rxb5 18. Rxa4 Nxe5 19. Bxe5 Rxe5 20. Nf3 Rb5
21. Rd1+ Bd6 22. Nd4 Rb2+ 23. Kf3 g6 24. Ra5 Ke7 25. Nb5 b6 26. Nxd6 bxa5 27.
Nc4 Rc2 28. Nxa5 Ra8 29. Nb3 c5 30. Rd2 Rxd2 31. Nxd2 Rxa3 32. Ke4 Ke6 33. g4
Ra4+ 34. Kf3 c4 35. Ne4 Ra2 36. Nc3 Rc2 37. Ne2 Kd6 38. Nd4 Rb2 39. Ne2 Kc5 40.
e4 Kb4 41. Ke3 Rxe2+ 42. Kxe2 Kc3 43. f4 Kb2 44. e5 c3 45. f5 c2 46. e6 fxe6
47. fxe6 c1=Q 0-1

[Event "Landesliga West MV 2013/14"]
[Site "?"]
[Date "2013.12.15"]
[Round "4.6"]
[White "Podolskiy, Alexander"]
[Black "Prueter, Reinhard"]
[Result "1/2-1/2"]
[WhiteElo "1846"]
[BlackElo "1634"]
[PlyCount "49"]
[EventType "team-tourn"]
[EventRounds "9"]
[WhiteTeam "ASV GW Wismar"]
[BlackTeam "SV Empor Kuehlungsborn"]

1. e4 d6 2. d4 Nf6 3. Nc3 g6 4. Bg5 Bg7 5. Qd2 c6 6. O-O-O Qa5 7. f3 Be6 8. Kb1
Na6 9. d5 cxd5 10. Nxd5 Qxd2 11. Rxd2 Nxd5 12. exd5 Bd7 13. Bxa6 bxa6 14. Re2
f6 15. Bf4 Kf7 16. Nh3 h6 17. Rhe1 Rhe8 18. Bd2 g5 19. Bc3 Rab8 20. Nf2 Rb5 21.
Rd2 Rc8 22. Kc1 Rb7 23. Bd4 Rbc7 24. b3 a5 25. a4 1/2-1/2

[Event "Landesliga West MV 2013/14"]
[Site "?"]
[Date "2013.12.15"]
[Round "4.8"]
[White "Pentzien, Volker"]
[Black "Noelck, Ulrich"]
[Result "1-0"]
[WhiteElo "1832"]
[BlackElo "1597"]
[PlyCount "93"]
[EventType "team-tourn"]
[EventRounds "9"]
[WhiteTeam "ASV GW Wismar"]
[BlackTeam "SV Empor Kuehlungsborn"]

1. e4 e5 2. Nf3 Nc6 3. Bb5 d6 4. O-O Be7 5. c3 Nf6 6. d4 exd4 7. cxd4 O-O 8.
Nc3 Bg4 9. Be3 a6 10. Bd3 Re8 11. a3 Qd7 12. Rc1 Rac8 13. Ne2 Bxf3 14. gxf3 Bf8
15. Kh1 g6 16. Rg1 Bg7 17. Qf1 Nh5 18. f4 Nf6 19. Qg2 Kh8 20. f5 Nh5 21. fxg6
fxg6 22. e5 Ne7 23. Qxb7 dxe5 24. Bxa6 exd4 25. Rgd1 Rb8 26. Rxd4 Qxd4 27. Nxd4
Rxb7 28. Bxb7 Be5 29. b4 Rd8 30. Ne6 Rb8 31. Bf3 Nf5 32. Ba7 Re8 33. Nxc7 Rc8
34. Bb6 Bb2 35. Rc4 Bxa3 36. Bxh5 gxh5 37. Rf4 Ng7 38. Nd5 Bb2 39. Bc5 Ne6 40.
Rc4 Kg7 41. Kg2 Kf7 42. Kf3 Nxc5 43. Rxc5 Rxc5 44. bxc5 Bd4 45. c6 Ke6 46. Nf4+
Kd6 47. c7 1-0

[Event "Landesliga West MV 2013/14"]
[Site "?"]
[Date "2013.12.15"]
[Round "4.1"]
[White "Mueller, Axel"]
[Black "Rabinowitsch, Juri"]
[Result "0-1"]
[WhiteElo "1821"]
[BlackElo "1844"]
[Annotator "Christian Blume"]
[PlyCount "64"]
[EventType "team-tourn"]
[EventRounds "9"]
[WhiteTeam "Putlitzer SV 1921"]
[BlackTeam "SF Schwerin IV"]

1. e4 c5 2. Nc3 d6 3. f4 Nc6 4. Bb5 Bd7 5. Nf3 e6 6. O-O a6 7. Bxc6 Bxc6 8. d3
Nf6 9. Qe1 Qc7 10. Bd2 O-O-O 11. Rb1 d5 12. a3 dxe4 13. dxe4 h6 14. Rd1 Be7 15.
Ne5 Be8 16. Nd3 g5 17. e5 Nd5 18. Nxd5 Rxd5 19. Bc3 gxf4 20. Rxf4 Rg8 21. Qe2
Bg5 22. Rf2 Bc6 23. Rdf1 Rg7 24. Kh1 Qe7 25. Qg4 Rd7 26. Rf4 Qd8 27. Ne1 Rd1
28. Rxf7 Rg6 29. R1f4 Qd5 30. Rf2 b6 31. Qg3 Qd8 32. Qh3 Be7 {Rest nicht
nachvollziehbar...} 0-1

[Event "Landesliga West MV 2013/14"]
[Site "?"]
[Date "2013.12.15"]
[Round "4.2"]
[White "Jung, Werner"]
[Black "Prenzlow, Michael"]
[Result "0-1"]
[WhiteElo "1868"]
[BlackElo "1788"]
[Annotator "Christian Blume"]
[PlyCount "54"]
[EventType "team-tourn"]
[EventRounds "9"]
[WhiteTeam "SF Schwerin IV"]
[BlackTeam "Putlitzer SV 1921"]

1. e4 c6 2. d4 d5 3. Nc3 dxe4 4. Nxe4 Nd7 5. Ng5 e6 6. Bd3 Ngf6 7. N1f3 Be7 8.
Qe2 Nb6 9. O-O O-O 10. c3 h6 11. Ne4 Nbd7 12. Nxf6+ Nxf6 13. Ne5 c5 14. dxc5
Bxc5 15. Rd1 Qe7 16. Bf4 Rd8 17. Nc4 a5 18. Be3 Bd7 19. Nb6 Bxb6 20. Bxb6 Rdc8
21. Qe5 a4 22. c4 Bc6 23. Bc5 Qc7 24. Bd6 Qa5 25. Qg3 Nh5 26. Qe3 Qg5 27. Qxg5
hxg5 {ZÜ} 0-1

[Event "Landesliga West MV 2013/14"]
[Site "?"]
[Date "2013.12.15"]
[Round "4.3"]
[White "Blume, Christian"]
[Black "Krueger, Gerhard"]
[Result "1/2-1/2"]
[WhiteElo "1832"]
[BlackElo "1866"]
[PlyCount "29"]
[EventType "team-tourn"]
[EventRounds "9"]
[WhiteTeam "Putlitzer SV 1921"]
[BlackTeam "SF Schwerin IV"]

1. c4 c5 2. Nc3 Nc6 3. g3 g6 4. Bg2 Bg7 5. d3 e6 6. e4 Nge7 7. Nge2 Nd4 8. O-O
O-O 9. Rb1 Nec6 10. f4 d6 11. Kh1 a6 12. b3 Rb8 13. Nxd4 Nxd4 14. Ne2 b5 15.
Nxd4 1/2-1/2

[Event "Landesliga West MV 2013/14"]
[Site "?"]
[Date "2013.12.15"]
[Round "4.4"]
[White "Pamperin, Gerhard"]
[Black "Vieten, Florian"]
[Result "0-1"]
[WhiteElo "1813"]
[BlackElo "1687"]
[Annotator "Christian Blume"]
[PlyCount "23"]
[EventType "team-tourn"]
[EventRounds "9"]
[WhiteTeam "SF Schwerin IV"]
[BlackTeam "Putlitzer SV 1921"]

1. d4 d5 2. Nf3 Nf6 3. c4 Bf5 4. Nc3 e6 5. Bg5 Be7 6. e3 O-O 7. cxd5 Nxd5 8.
Nxd5 Bxg5 9. Nxc7 Qxc7 10. Nxg5 Rc8 11. Bd3 Bxd3 12. Qxd3 {und wegen 12...Da5+}
0-1

[Event "Landesliga West MV 2013/14"]
[Site "?"]
[Date "2013.12.15"]
[Round "4.5"]
[White "Oelke, Bernd"]
[Black "Goettsching, Holger"]
[Result "1/2-1/2"]
[WhiteElo "1764"]
[BlackElo "1727"]
[Annotator "Christian Blume"]
[PlyCount "88"]
[EventType "team-tourn"]
[EventRounds "9"]
[WhiteTeam "Putlitzer SV 1921"]
[BlackTeam "SF Schwerin IV"]

1. d4 d5 2. Bf4 e6 3. e3 Nf6 4. Bd3 Be7 5. Nd2 Nbd7 6. Ngf3 O-O 7. Ne5 c5 8. c3
a6 9. O-O Re8 10. Qe2 Bf8 {lustige Notation BEIDER Spieler: Einer schreibt 10..
.Le8, der andere 10...Lf7 auf; naja, die Kombination aus beiden Vorschlägen
macht's dann halt:)} 11. Ndf3 h6 12. h3 b5 13. g4 Ne4 14. Nxd7 Bxd7 15. Ne5 Bc8
16. Rad1 c4 17. Bb1 Bb7 18. f3 Nd6 19. Qc2 f5 20. Kg2 g5 21. Bg3 Re7 22. Rh1
Rg7 23. Qe2 Be7 24. Rdf1 Bf6 25. Rh2 Rc8 26. Rfh1 Rcc7 27. Qf2 Rh7 28. Kf1 Bc8
29. Ke2 Rcg7 30. Bc2 Nf7 31. Nxf7 Rxf7 32. Qg2 Rfg7 33. Kd2 Qe7 34. Qe2 Rf7 35.
h4 Rfg7 36. hxg5 hxg5 37. Rh5 Bd7 38. Qh2 Rxh5 39. Qxh5 Rh7 40. Qxh7+ Qxh7 41.
Rxh7 Kxh7 42. Be5 Kg7 43. Ke2 Kf7 44. Kf2 fxg4 1/2-1/2

[Event "Landesliga West MV 2013/14"]
[Site "?"]
[Date "2013.12.15"]
[Round "4.7"]
[White "Gottschalk, Maik"]
[Black "Dittrich, Carsten"]
[Result "1/2-1/2"]
[WhiteElo "1646"]
[BlackElo "1841"]
[PlyCount "73"]
[EventType "team-tourn"]
[EventRounds "9"]
[WhiteTeam "Putlitzer SV 1921"]
[BlackTeam "SF Schwerin IV"]

1. d4 d6 2. e3 c6 3. Bd3 e5 4. c3 Nf6 5. Nd2 Be7 6. e4 Qc7 7. Ngf3 Bg4 8. O-O
O-O 9. Qb3 Nbd7 10. h3 Bxf3 11. Nxf3 b5 12. Be3 a6 13. Rac1 c5 14. Qd1 c4 15.
Bb1 Rfc8 16. Nd2 Qb7 17. f4 a5 18. Qf3 Rf8 19. f5 Ne8 20. Kh2 Nc7 21. g4 f6 22.
Rg1 g5 23. fxg6 hxg6 24. Rcf1 Kg7 25. Qg3 g5 26. Qf3 Qc8 27. Rf2 Rb8 28. Nf1
Rf7 29. Ng3 Qe8 30. Rgf1 Rf8 31. Qf5 Rd8 32. Kg2 Qg6 33. Qf3 Ne6 34. Nh5+ Kf7
35. Rh1 Nf4+ 36. Bxf4 gxf4 37. Kf1 1/2-1/2

[Event "Landesliga West MV 2013/14"]
[Site "?"]
[Date "2013.12.15"]
[Round "4.8"]
[White "Weinstein, Arkadi"]
[Black "Paetzke, Bernd"]
[Result "1-0"]
[WhiteElo "1693"]
[BlackElo "1495"]
[PlyCount "85"]
[EventType "team-tourn"]
[EventRounds "9"]
[WhiteTeam "SF Schwerin IV"]
[BlackTeam "Putlitzer SV 1921"]

1. e4 c5 2. Nf3 Nc6 3. c3 e6 4. d4 d5 5. e5 Nge7 6. Na3 Nf5 7. Nc2 Be7 8. Bd3
Nh4 9. O-O Ng6 10. a3 O-O 11. Ne3 f5 12. exf6 Bxf6 13. dxc5 d4 14. cxd4 Nxd4
15. Nxd4 Bxd4 16. Qc2 Qc7 17. Bxg6 hxg6 18. Qxg6 Qxc5 19. Nd1 Qc7 20. Be3 Be5
21. g3 Qc6 22. Qh5 Rf5 23. Qe2 Rf3 24. Rc1 Qe4 25. Qc4 Qf5 26. Bxa7 Bd7 27. Ne3
Qh3 28. Bc5 Bc6 29. Qg4 Qh6 30. Be7 Ra4 31. b4 Rf7 32. Bg5 Qg6 33. h4 Bf3 34.
h5 Qxh5 35. Qxh5 Bxh5 36. g4 Bg6 37. Kg2 Bb2 38. Rc8+ Rf8 39. Rxf8+ Kxf8 40.
Nc4 Bd4 41. Rd1 Ba7 42. Rd8+ Kf7 43. Nd6# 1-0

[Event "Landesliga West MV 2013/14"]
[Site "?"]
[Date "2013.12.15"]
[Round "4.1"]
[White "Hilpert, Andreas"]
[Black "Mueller, Michael"]
[Result "0-1"]
[WhiteElo "1867"]
[BlackElo "1813"]
[Annotator "Michael Mueller"]
[PlyCount "116"]
[EventType "team-tourn"]
[EventRounds "9"]
[WhiteTeam "Post SV Ludwigslust II"]
[BlackTeam "SSC Rostock 07 III"]

1. e4 e6 2. b3 d5 3. Bb2 Nf6 4. e5 Nfd7 5. Nf3 c5 6. Bb5 Qa5 7. Qe2 a6 8. Bxd7+
Bxd7 9. O-O Nc6 10. d3 Be7 11. Nbd2 g5 12. h3 h5 13. c4 g4 14. Nh2 gxh3 15.
cxd5 hxg2 16. Rfc1 Nd4 17. Bxd4 cxd4 18. Nc4 Qb4 19. a3 Qb5 20. Nf3 Kf8 21.
dxe6 Bxe6 22. Nxd4 Qd5 23. Nxe6+ Qxe6 24. Kxg2 Rd8 25. Qe4 Bc5 26. Ne3 Rg8+ 27.
Kf1 Bxe3 28. Qxe3 Qxb3 29. Rab1 Qxd3+ 30. Qxd3 Rxd3 31. Rxb7 Rg6 32. Rcc7 Rf3
33. Rc8+ Kg7 34. Rbb8 Rxa3 35. Rh8 Ra1+ 36. Ke2 Ra2+ 37. Kd3 f5 38. Rhg8+ Kh7
39. Rxg6 Kxg6 40. f4 Ra4 41. Rb6+ Kg7 42. Ke3 h4 43. Kf3 a5 44. Rf6 Ra3+ 45.
Kg2 a4 46. Rxf5 Re3 47. Rf6 Re4 48. Kf3 h3 49. Rc6 Re1 50. Rc2 a3 51. Kg4 Re3
52. Kf5 Kf7 53. Rc7+ Ke8 54. Ke6 Kd8 55. Rd7+ Kc8 56. Rd2 Rb3 57. Ra2 Rb6+ 58.
Kf7 Rh6 {Spaeter 0-1, mir liegt leider nur mein eigenes Formular vor, auf dem
ich in Zeitnot wohl Zuge nicht aufgeschrieben hatte. Ab Zug 59 ist die
Mitschrift unplausibel; "59. Td2+ Kc7 60. Th2 Th5 61. (weisser Zug nicht
notiert) a2 62. Tc2+ Kd8 63. Td2+ Kc8 64. e6 a1D 65.Tc2 Kd8 66. Td2+ Ke8 67.
f6 Th6+ 68. Kxh6 Dxf6+ 69. Df5+ Kh4 70. Df4+ Kxh3 71. Dxd2 Vor Allem kann ich
beim besten Willen nicht rekonstruieren, an welcher Stelle weiss f5 zog. Der
Bauer stand vor dem 67. Zug von weiss aber definitiv auf f5.} 0-1

[Event "Landesliga West MV 2013/14"]
[Site "?"]
[Date "2013.12.15"]
[Round "4.2"]
[White "Menkhaus, Wolf-Dieter"]
[Black "Krueger, Horst"]
[Result "0-1"]
[WhiteElo "1821"]
[BlackElo "1931"]
[PlyCount "124"]
[EventType "team-tourn"]
[EventRounds "9"]
[WhiteTeam "SSC Rostock 07 III"]
[BlackTeam "Post SV Ludwigslust II"]

1. d4 d5 2. c4 e6 3. Nc3 Nf6 4. Bg5 Be7 5. e3 O-O 6. Nf3 Nbd7 7. Rc1 dxc4 8.
Bxc4 Nb6 9. Bd3 Bd7 10. O-O Rc8 11. Ne5 c5 12. Bxf6 Bxf6 13. Nxd7 Nxd7 14. dxc5
Nxc5 15. Bb1 Qb6 16. Qe2 Rfd8 17. h3 g6 18. Rfd1 Rxd1+ 19. Nxd1 Rd8 20. Nc3 Kg7
21. a3 Bxc3 22. Rxc3 Na4 23. Rc2 Qb3 24. Kh2 Rd5 25. Rc4 Qxb2 26. Qxb2+ Nxb2
27. Rb4 Nd1 28. Rxb7 Ra5 29. Rb3 Nxf2 30. Kg3 Nd1 31. Bc2 Rd5 32. Kf3 a5 33.
Bxd1 Rxd1 34. Rb5 Rd5 35. a4 Kf6 36. Rb7 Rc5 37. Ra7 g5 38. Kg3 Kg6 39. Kf3 h5
40. g3 f5 41. Kf2 Rc2+ 42. Kf1 Rc5 43. Kf2 Kf6 44. Ke2 Ke5 45. Ra6 Rd5 46. Rb6
Kf6 47. Ra6 Ke7 48. Ra7+ Kf6 49. Ra6 Ke5 50. Rb6 Rc5 51. Kd3 Kd5 52. Rb8 Ke5
53. Rb6 Rd5+ 54. Ke2 f4 55. exf4+ gxf4 56. gxf4+ Kxf4 57. Rxe6 Rd4 58. Rg6 Rxa4
59. Kf2 Ra2+ 60. Kg1 a4 61. Rg8 a3 62. Rg7 Rb2 0-1

[Event "Landesliga West MV 2013/14"]
[Site "?"]
[Date "2013.12.15"]
[Round "4.3"]
[White "Moutaqi, Sandra"]
[Black "Moritz, Hartmut"]
[Result "1/2-1/2"]
[WhiteElo "1746"]
[BlackElo "1816"]
[PlyCount "56"]
[EventType "team-tourn"]
[EventRounds "9"]
[WhiteTeam "Post SV Ludwigslust II"]
[BlackTeam "SSC Rostock 07 III"]

1. d4 Nf6 2. c4 e5 3. dxe5 Ng4 4. Nf3 Nc6 5. Bf4 Bb4+ 6. Nbd2 Qe7 7. a3 Bxd2+
8. Qxd2 Ngxe5 9. Nxe5 Nxe5 10. e3 O-O 11. Be2 d6 12. O-O b6 13. Rad1 Bb7 14.
Qc3 Rae8 15. Rd2 Ng6 16. Bg3 Nh4 17. Bxh4 Qxh4 18. Rd4 Re4 19. f3 Rxd4 20. Qxd4
Qxd4 21. exd4 f5 22. Re1 Re8 23. Kf2 Kf7 24. Bd3 Rxe1 25. Kxe1 Kf6 26. Kf2 h6
27. Ke3 g5 28. g3 a5 1/2-1/2

[Event "Landesliga West MV 2013/14"]
[Site "?"]
[Date "2013.12.15"]
[Round "4.4"]
[White "Herde, Dittmar"]
[Black "Schulz, Gerhard"]
[Result "1-0"]
[WhiteElo "1807"]
[BlackElo "1679"]
[Annotator "Michael Mueller"]
[PlyCount "63"]
[EventType "team-tourn"]
[EventRounds "9"]
[WhiteTeam "SSC Rostock 07 III"]
[BlackTeam "Post SV Ludwigslust II"]

1. d4 d5 2. c4 e6 3. Nc3 c6 4. Nf3 Nf6 5. Bg5 Be7 6. e3 Nbd7 7. a3 a5 8. Bd3
O-O 9. O-O dxc4 10. Bxc4 Nd5 11. Bxe7 Qxe7 12. e4 Nxc3 13. bxc3 e5 14. d5 cxd5
15. Bxd5 Nf6 16. Re1 Bg4 17. c4 Rad8 18. Qb3 Bxf3 19. Qxf3 b6 20. Rab1 Rd6 21.
Rb5 Qc7 22. Qe3 Nd7 23. g3 Nc5 24. f4 exf4 25. gxf4 Rg6+ 26. Kh1 Rf6 27. e5 Rf5
28. Rb2 Rb8 29. Qg3 Ne6 30. Rf1 Qc5 31. Rg2 g6 32. Qg4 {Dame beruehrt} 1-0

[Event "Landesliga West MV 2013/14"]
[Site "?"]
[Date "2013.12.15"]
[Round "4.5"]
[White "Lange, Marius"]
[Black "Jeske, Holger"]
[Result "1/2-1/2"]
[WhiteElo "1607"]
[BlackElo "1831"]
[PlyCount "111"]
[EventType "team-tourn"]
[EventRounds "9"]
[WhiteTeam "Post SV Ludwigslust II"]
[BlackTeam "SSC Rostock 07 III"]

1. e4 e6 2. d4 d5 3. exd5 exd5 4. Bd3 c6 5. Bf4 Be6 6. Ne2 Bd6 7. Nd2 Nf6 8. c3
Nh5 9. Bxd6 Qxd6 10. Qc2 h6 11. O-O-O a5 12. Rde1 Nd7 13. Ng3 Nxg3 14. hxg3
O-O-O 15. Re3 Rde8 16. Rhe1 Nf6 17. Bf5 Bd7 18. Nf3 Rxe3 19. Rxe3 g6 20. Bxd7+
Qxd7 21. Ne5 Qc7 22. Rf3 Qe7 23. Qa4 Rf8 24. Qxa5 Nd7 25. Qa8+ Kc7 26. Qa5+ Kb8
27. Nxd7+ Qxd7 28. Qa4 Re8 29. Qd1 Re4 30. Qd2 Qe6 31. Qxh6 Re1+ 32. Kc2 Qe2+
33. Qd2 Qe4+ 34. Kb3 Ka7 35. Re3 Rxe3 36. Qxe3 Qxg2 37. Qe2 f5 38. a3 Kb6 39.
Kb4 g5 40. Ka4 Qe4 41. Qxe4 dxe4 42. Kb3 f4 43. gxf4 gxf4 44. Kc2 c5 45. dxc5+
Kxc5 46. b3 b5 47. Kd2 Kd5 48. Ke2 Ke5 49. Kf1 Kd5 50. Kg2 Ke5 51. Kh3 e3 52.
fxe3 fxe3 53. Kg2 Ke4 54. Kf1 Kd3 55. Ke1 Kxc3 56. a4 1/2-1/2

[Event "Landesliga West MV 2013/14"]
[Site "?"]
[Date "2013.12.15"]
[Round "4.6"]
[White "Maertin, Heinz"]
[Black "Fitz, Baldur"]
[Result "1-0"]
[WhiteElo "1768"]
[BlackElo "1558"]
[PlyCount "91"]
[EventType "team-tourn"]
[EventRounds "9"]
[WhiteTeam "SSC Rostock 07 III"]
[BlackTeam "Post SV Ludwigslust II"]

1. e4 e6 2. d4 d5 3. Nc3 dxe4 4. Nxe4 Nd7 5. c3 Ngf6 6. Bg5 Be7 7. Bxf6 Nxf6 8.
Bd3 Nxe4 9. Bxe4 c6 10. Nf3 Qc7 11. Qc2 h6 12. O-O-O a5 13. Kb1 b5 14. Ne5 Bd7
15. f4 f5 16. Bf3 O-O 17. Rde1 Be8 18. Qe2 Rf6 19. g4 g5 20. fxg5 hxg5 21. h4
Rh6 22. hxg5 Bxg5 23. Qg2 f4 24. Bxc6 Bxc6 25. Qxc6 Qxc6 26. Nxc6 Rxh1 27. Rxh1
f3 28. Rf1 Rf8 29. Ne5 f2 30. Kc2 Bh4 31. Ng6 Bg3 32. Nxf8 Kxf8 33. Kd3 Kg7 34.
Ke4 Kf6 35. b3 Kg5 36. Kf3 Bh4 37. c4 bxc4 38. bxc4 Kf6 39. Rh1 Ke7 40. Kg2 Bf6
41. d5 exd5 42. cxd5 Bd4 43. Rd1 Bc5 44. g5 Bb6 45. d6+ Kf7 46. Rf1 1-0

[Event "Landesliga West MV 2013/14"]
[Site "?"]
[Date "2013.12.15"]
[Round "4.7"]
[White "Koester, Klaus-Dieter"]
[Black "Hasenberg, Harald"]
[Result "1-0"]
[WhiteElo "1741"]
[BlackElo "1654"]
[PlyCount "75"]
[EventType "team-tourn"]
[EventRounds "9"]
[WhiteTeam "Post SV Ludwigslust II"]
[BlackTeam "SSC Rostock 07 III"]

1. e4 g6 2. d4 Bg7 3. Nf3 d6 4. Bf4 Nf6 5. Nbd2 O-O 6. c3 Nh5 7. Be3 f5 8. exf5
Bxf5 9. Be2 Nf6 10. h4 Nd5 11. Bc4 c6 12. h5 e6 13. Bg5 Bf6 14. Bh6 Rf7 15.
hxg6 hxg6 16. Qe2 g5 17. g3 Rh7 18. O-O-O g4 19. Nh4 Bxh4 20. Rxh4 Qf6 21. Rdh1
Qg6 22. Ne4 Rd7 23. Bd3 Na6 24. Rh5 Kf7 25. Bg5 Rg8 26. Rh6 Bxe4 27. Rxg6 Rxg6
28. Bxe4 Rxg5 29. Rh7+ Ke8 30. Rh8+ Ke7 31. Bxd5 cxd5 32. Qe3 Rg7 33. Qh6 Kf7
34. Qh5+ Kf6 35. Rh6+ Ke7 36. Qh4+ Kf7 37. Qf6+ Kg8 38. Qxe6+ 1-0

[Event "Landesliga West MV 2013/14"]
[Site "?"]
[Date "2013.12.15"]
[Round "4.8"]
[White "Worm, Alfred"]
[Black "Stuewe, Lothar"]
[Result "1-0"]
[WhiteElo "1599"]
[BlackElo "1586"]
[PlyCount "75"]
[EventType "team-tourn"]
[EventRounds "9"]
[WhiteTeam "SSC Rostock 07 III"]
[BlackTeam "Post SV Ludwigslust II"]

1. e4 e5 2. Nc3 Nf6 3. f4 Nc6 4. fxe5 Nxe5 5. d4 Ng6 6. e5 Ng8 7. Nf3 Bb4 8.
Bc4 Bxc3+ 9. bxc3 d5 10. exd6 Qxd6 11. O-O Nf6 12. a4 Bg4 13. Ba3 Qd7 14. Re1+
Kd8 15. h3 Bxf3 16. Qxf3 Kc8 17. a5 Rb8 18. a6 b6 19. Re2 Re8 20. Rae1 Rxe2 21.
Rxe2 Kd8 22. Bc1 h6 23. Bxh6 c6 24. Bxg7 Nd5 25. Rf2 Ke8 26. Qe4+ Qe7 27. Bxd5
cxd5 28. Qxd5 Rd8 29. Qc6+ Rd7 30. Kf1 Qd6 31. Qc8+ Rd8 32. Re2+ Ne7 33. Qb7
Rd7 34. Qa8+ Rd8 35. Qxa7 Rd7 36. Qa8+ Rd8 37. Qe4 Rd7 38. Qh4 1-0

[Event "Landesliga West MV 2013/14"]
[Site "?"]
[Date "2013.12.15"]
[Round "4.1"]
[White "Montag, Ralf"]
[Black "Schreiber, Kevin"]
[Result "0-1"]
[WhiteElo "1966"]
[BlackElo "1991"]
[PlyCount "172"]
[EventType "team-tourn"]
[EventRounds "9"]
[WhiteTeam "Post SV Ludwigslust"]
[BlackTeam "SC Mecklenburger Springer"]

1. e4 c5 2. Nc3 e6 3. g3 Nc6 4. Bg2 g6 5. d3 Bg7 6. Be3 d6 7. Qd2 Nd4 8. Nd1
Rb8 9. c3 Nc6 10. Ne2 h5 11. h3 Nge7 12. d4 cxd4 13. cxd4 Qa5 14. Ndc3 b5 15.
O-O b4 16. Nd1 Ba6 17. Re1 O-O 18. Nf4 e5 19. dxe5 dxe5 20. Nd5 Nxd5 21. exd5
Nd4 22. Bxd4 exd4 23. f4 Bb7 24. f5 Qd8 25. Qd3 Qd6 26. Nf2 Bxd5 27. fxg6 fxg6
28. Ne4 Bxe4 29. Bxe4 Rb6 30. Rf1 Rf6 31. Rxf6 Qxf6 32. Rc1 Qg5 33. Rc8+ Kh7
34. Rc7 Qe3+ 35. Kg2 Re6 36. Qxe3 dxe3 37. Kf3 e2 38. Rc1 Bxb2 39. Re1 Ra6 40.
Bd5 Ra3+ 41. Bb3 a5 42. Rxe2 Bg7 43. Re3 a4 44. Bc4 Bc3 45. g4 hxg4+ 46. Kxg4
b3 47. axb3 axb3 48. Re7+ Bg7 49. Bd3 b2 50. Bb1 Ra1 51. Re1 Bh6 52. Re7+ Bg7
53. Re1 Bf6 54. h4 Kg7 55. h5 gxh5+ 56. Kxh5 Bd4 57. Kg5 Be3+ 58. Kf5 Bc1 59.
Bc2 b1=Q 60. Bxb1 Rxb1 61. Rg1+ Kf7 62. Rf1 Ke7 63. Re1+ Kd6 64. Rd1+ Kc5 65.
Rh1 Kd4 66. Rh4+ Kd3 67. Rh3+ Be3 68. Ke5 Rb5+ 69. Ke6 Ke4 70. Kd6 Rg5 71. Kc6
Rg6+ 72. Kd7 Bd4 73. Rh5 Be5 74. Rh1 Kd5 75. Rd1+ Bd4 76. Re1 Rg7+ 77. Re7 Rg8
78. Kc7 Be5+ 79. Kb7 Bd6 80. Re2 Rb8+ 81. Ka7 Rb3 82. Ra2 Bc5+ 83. Ka8 Kc6 84.
Rc2 Rb5 85. Rg2 Ra5+ 86. Kb8 Bd6+ 0-1

[Event "Landesliga West MV 2013/14"]
[Site "?"]
[Date "2013.12.15"]
[Round "4.2"]
[White "Schreiber, Felix"]
[Black "Illgen, Alexander"]
[Result "1/2-1/2"]
[WhiteElo "1819"]
[BlackElo "1876"]
[PlyCount "159"]
[EventType "team-tourn"]
[EventRounds "9"]
[WhiteTeam "SC Mecklenburger Springer"]
[BlackTeam "Post SV Ludwigslust"]

1. d4 d6 2. Nf3 g6 3. e4 Bg7 4. Bc4 Nf6 5. Nc3 a6 6. a4 c5 7. dxc5 Qa5 8. O-O
Qxc5 9. Qe2 Bg4 10. Be3 Bxf3 11. gxf3 Qh5 12. Kh1 Nc6 13. f4 Ng4 14. f3 Nxe3
15. Qxe3 O-O 16. Ne2 Rac8 17. c3 Bh6 18. Qb6 Rb8 19. Rad1 Qh4 20. Qf2 Qxf2 21.
Rxf2 Rbc8 22. Bd3 Na5 23. Rg2 Nc4 24. Bxc4 Rxc4 25. b3 Rc5 26. Rgg1 Rfc8 27.
Rd3 Bg7 28. Rc1 Rh5 29. b4 Rh4 30. Rg1 Kf8 31. Rg4 Bf6 32. Rxh4 Bxh4 33. e5 Rd8
34. c4 Ke8 35. Kg2 Be1 36. b5 dxe5 37. Rxd8+ Kxd8 38. fxe5 Kc7 39. Nc1 Bd2 40.
Nd3 Kb6 41. Kf2 Bc3 42. f4 Ka5 43. Nc1 Kxa4 44. bxa6 bxa6 45. Ke2 Bb2 46. Nd3
Ba3 47. Ke3 Ka5 48. Kd4 e6 49. Kc3 Kb6 50. Kd4 Kc6 51. h3 h6 52. Kc3 Bc5 53.
Kb3 Bd4 54. Kb4 g5 55. fxg5 hxg5 56. Ka5 Kb7 57. Kb4 Kb6 58. Ka4 f5 59. exf6
Bxf6 60. Kb4 a5+ 61. Ka4 Bd4 62. Ne1 Kc5 63. Nf3 Be3 64. Kxa5 Kxc4 65. h4 gxh4
66. Nxh4 e5 67. Ng6 e4 68. Ne5+ Kd5 69. Ng4 Bd4 70. Kb5 Ke6 71. Kc4 Bg1 72. Kc3
Kf5 73. Nh6+ Kf4 74. Kd2 Kf3 75. Nf5 Bc5 76. Nh4+ Kg4 77. Ng2 Kg3 78. Ne3 Kf3
79. Nd5 Bd4 80. Ke1 1/2-1/2

[Event "Landesliga West MV 2013/14"]
[Site "?"]
[Date "2013.12.15"]
[Round "4.3"]
[White "Wiemer, Juergen"]
[Black "Konrad, Andreas"]
[Result "1-0"]
[WhiteElo "1840"]
[BlackElo "1757"]
[PlyCount "41"]
[EventType "team-tourn"]
[EventRounds "9"]
[WhiteTeam "Post SV Ludwigslust"]
[BlackTeam "SC Mecklenburger Springer"]

1. e4 c6 2. d4 d5 3. Nd2 dxe4 4. Nxe4 Nd7 5. Bd3 Ngf6 6. Ng3 e6 7. Nf3 Bd6 8.
Qe2 O-O 9. O-O Re8 10. Ne5 c5 11. Bf4 cxd4 12. Nxf7 Kxf7 13. Bxd6 Qb6 14. Ba3
Kg8 15. Ne4 Nxe4 16. Qxe4 Nf6 17. Qe5 Nd7 18. Qf4 e5 19. Bc4+ Kh8 20. Qf7 Nf6
21. Bf8 1-0

[Event "Landesliga West MV 2013/14"]
[Site "?"]
[Date "2013.12.15"]
[Round "4.4"]
[White "Schreiber, Oliver"]
[Black "Meier, Klaus"]
[Result "1-0"]
[WhiteElo "1710"]
[BlackElo "1850"]
[PlyCount "89"]
[EventType "team-tourn"]
[EventRounds "9"]
[WhiteTeam "SC Mecklenburger Springer"]
[BlackTeam "Post SV Ludwigslust"]

1. d4 Nf6 2. c4 c5 3. d5 d6 4. Nc3 g6 5. e4 Bg7 6. Be2 O-O 7. f4 e6 8. Nf3 exd5
9. cxd5 Re8 10. Nd2 a6 11. a4 b6 12. O-O Nbd7 13. Re1 Qc7 14. Bf3 Rb8 15. Qe2
Bb7 16. Qc4 Nf8 17. Rb1 N6d7 18. Ne2 Bc8 19. Nc3 Bd4+ 20. Kh1 Nf6 21. Nb3 Bxc3
22. Qxc3 Qe7 23. Bd2 b5 24. axb5 axb5 25. Ra1 b4 26. Qe3 Qc7 27. e5 Ng4 28. Qe2
Nh6 29. g4 f5 30. g5 Nf7 31. e6 Nh8 32. e7 Nd7 33. h4 Nb6 34. Na5 Bb7 35. Qe6+
Nf7 36. h5 Qd7 37. Nxb7 Rxb7 38. hxg6 Rxe7 39. gxh7+ Kxh7 40. g6+ Kh8 41. Qf6+
Kg8 42. gxf7+ Rxf7 43. Rg1+ Rg7 44. Rxg7+ Qxg7 45. Rg1 1-0